Statistics for Harry Potter - hard

Click here to take the quiz!

General Stats

  • This quiz has been taken 53 times
  • The average score is 11 of 15

Answer Stats

HintAnswer% Correct
What is Rita Skeeter's Animagus?Beetle
96%
Who is on the first Chocolate Frog card Harry receives?Dumbledore
91%
What animal attacks Malfoy in The Prisoner of Azkaban?Hippogriff
89%
Who did Ron go to the Yule Ball with?Padma Patil
87%
What Gryffindor student did Ginny date before Harry?Dean Thomas
87%
What animal does "Moody" use as an example when practicing the Unforgivable Curses?Spiders
87%
What is the name of Filch's cat?Mrs. Norris
87%
Who is Harry's Privet Drive neighbor who turns out to be a Squib?Mrs. Figg
84%
What is Harry's son James's middle name?Sirius
82%
What did Dumbledore tell Harry he saw himself holding when he looked into the Mirror of Erised?Woolen socks
78%
Who is a "Slytherin girl with a face like a pug?"Pansy Parkinson
71%
What is Gilderoy Lockhart's favorite color?Lilac
69%
What is the name of the bulldog Aunt Marge brings to Privet Drive?Ripper
60%
About how often do the Gringotts goblins check the vaults for intruders?Every 10 years
42%
How did the flobberworms die?Too much lettuce
36%

Score Distribution

Percentile by Number Answered

Percent of People with Each Score

Your Score History

You have not taken this quiz